La quiebra y demas procesos concursales (Registro nro. 1539)
[ vista simple ]
| 000 -LEADER | |
|---|---|
| fixed length control field | 00940 a2200193 4500 |
| 001 - CONTROL NUMBER | |
| control field | 27091 |
| 005 - DATE AND TIME OF LATEST TRANSACTION | |
| control field | 20260407155547.0 |
| 008 - FIXED-LENGTH DATA ELEMENTS--GENERAL INFORMATION | |
| fixed length control field | 260407a1972 arg spa d |
| 003 - CONTROL NUMBER IDENTIFIER | |
| control field | AR-UNSa-BCEJYS |
| 040 ## - CATALOGING SOURCE | |
| Original cataloging agency | AR-UNSa-BCEJYS |
| Language of cataloging | spa |
| Transcribing agency | AR-UNSa-BCEJYS |
| 080 ## - UNIVERSAL DECIMAL CLASSIFICATION NUMBER | |
| Universal Decimal Classification number | 347.736 |
| Common auxiliary subdivision | Quiebra. Insolvencia. Suspensión de pagos. Bancarrota, procedimientos. Derecho Concursal |
| 100 1# - MAIN ENTRY--PERSONAL NAME | |
| Personal name | Argeri, Saúl A. |
| 245 10 - TITLE STATEMENT | |
| Title | La quiebra y demas procesos concursales |
| 264 #1 - PRODUCTION, PUBLICATION, DISTRIBUTION, MANUFACTURE, AND COPYRIGHT NOTICE | |
| Place of production, publication, distribution, manufacture | La Plata : |
| Name of producer, publisher, distributor, manufacturer | LEP (Librería Editora Platense) |
| Date of production, publication, distribution, manufacture, or copyright notice | 1972 |
| 300 ## - PHYSICAL DESCRIPTION | |
| Extent | 414 p. |
| Dimensions | 23 cm. |
| 505 ## - FORMATTED CONTENTS NOTE | |
| Formatted contents note | 1. Ley de concursos de los concursos comerciales - 2. Concurso preventivo - 3. Requisitos - 4. Apertura - 5. Trámite hasta la junta - 6. Contenido y votación del acuerdo preventivo - 7. Impugnación, homologación, cumplimiento y nulidad del acuerdo - 8. Disposiciones particulares para el acuerdo por cesión de bienes. |
| 590 ## - LOCAL NOTE (RLIN) | |
| Local note | niveau_biblio:m niveau_hierar:0 |
| 942 ## - ADDED ENTRY ELEMENTS (KOHA) | |
| Koha item type | |
| Withdrawn status | Lost status | Damaged status | Not for loan | Home library | Current library | Shelving location | Date acquired | Total checkouts | Full call number | Barcode | Date last seen | Price effective from | Koha item type |
|---|---|---|---|---|---|---|---|---|---|---|---|---|---|
| Biblioteca Prof. Eusebio Cleto del Rey | Biblioteca Prof. Eusebio Cleto del Rey | 07/04/2026 | 347.736 A686 v.4 | L24745 | 07/04/2026 | 07/04/2026 | Libro | ||||||
| Biblioteca Prof. Eusebio Cleto del Rey | Biblioteca Prof. Eusebio Cleto del Rey | 07/04/2026 | 347.736 A686 v.4 | L24744 | 07/04/2026 | 07/04/2026 | Libro |